Manovigan or shiksha (Record no. 1351181)

MARC details
000 -LEADER
fixed length control field 00575nam a2200205Ia 4500
005 - DATE AND TIME OF LATEST TRANSACTION
control field 20250508154617.0
008 - FIXED-LENGTH DATA ELEMENTS--GENERAL INFORMATION
fixed length control field 008 250505s9999 xx 000 0 hin d
037 ## - SOURCE OF ACQUISITION
Stock number Books to be hide in OPAC
040 ## - CATALOGING SOURCE
Original cataloging agency FEDL
Language of cataloging eng
Transcribing agency FEDL
041 ## - LANGUAGE CODE
Language code of text/sound track or separate title hin
Source of code hin
084 ## - COLON CLASSIFICATION NUMBER
Classification number 370.15, KUP
Assigning agency FEDL
100 ## - MAIN ENTRY--PERSONAL NAME
Personal name Malliya Kupuswamy
9 (RLIN) 765724
245 #0 - TITLE STATEMENT
Title Manovigan or shiksha
260 ## - PUBLICATION, DISTRIBUTION, ETC.
Place of publication, distribution, etc. Allahabad, India
Name of publisher, distributor, etc. Lokbharti Prakashan
Date of publication, distribution, etc. 1966
300 ## - PHYSICAL DESCRIPTION
Extent 354p
365 ## - TRADE PRICE
Price type code INR
Price amount 10
650 ## - SUBJECT ADDED ENTRY--TOPICAL TERM
Topical term or geographic name entry element Educational Psychology
942 ## - ADDED ENTRY ELEMENTS (KOHA)
Koha item type Books to be hide in OPAC
Classification part 370.15, KUP
Holdings
Withdrawn status Lost status Damaged status Not for loan Home library Current library Date acquired Cost, normal purchase price Total Checkouts Full call number Barcode Date last seen Price effective from Koha item type
        Department of Education Library Department of Education Library 2025-05-08 10.00   370.15, KUP EL0035294 2025-05-08 2025-05-08 Books to be hide in OPAC
Copyright @ Delhi University Library System